ARRUPE JESUIT UNIVERSITY

CORONAVIRUS -STOP THE SPREAD - CLEAN,DISINFECT,COVER

Critical theory and philosophy / (Record no. 128243)

MARC details
000 -LEADER
fixed length control field 00968pam a2200265 a 4500
001 - CONTROL NUMBER
control field 4361604
003 - CONTROL NUMBER IDENTIFIER
control field ARRUPE
005 - DATE AND TIME OF LATEST TRANSACTION
control field 20180924115959.0
008 - FIXED-LENGTH DATA ELEMENTS--GENERAL INFORMATION
fixed length control field 900102s1990 nyu b 001 0 eng
010 ## - LIBRARY OF CONGRESS CONTROL NUMBER
LC control number 90030043
020 ## - INTERNATIONAL STANDARD BOOK NUMBER
International Standard Book Number 1557782016
040 ## - CATALOGING SOURCE
Original cataloging agency DLC
Transcribing agency DLC
Modifying agency DLC
050 00 - LIBRARY OF CONGRESS CALL NUMBER
Classification number BD175
Item number .I54 1990
082 00 - DEWEY DECIMAL CLASSIFICATION NUMBER
Classification number 142
Edition number 20
300 ## - PHYSICAL DESCRIPTION
Dimensions 23 cm.
100 1# - MAIN ENTRY--PERSONAL NAME
Personal name Ingram, David,
Dates associated with a name 1952-
9 (RLIN) 42462
245 10 - TITLE STATEMENT
Title Critical theory and philosophy /
Statement of responsibility, etc David Ingram.
250 ## - EDITION STATEMENT
Edition statement 1st ed.
260 ## - PUBLICATION, DISTRIBUTION, ETC. (IMPRINT)
Place of publication, distribution, etc New York, N.Y. :
Name of publisher, distributor, etc Paragon House,
Date of publication, distribution, etc 1990.
300 ## - PHYSICAL DESCRIPTION
Extent xvii, 240 p. ;
440 #0 - SERIES STATEMENT/ADDED ENTRY--TITLE
Title Paragon issues in philosophy
9 (RLIN) 24039
650 #0 - SUBJECT ADDED ENTRY--TOPICAL TERM
Topical term or geographic name as entry element Critical theory.
9 (RLIN) 5606
856 42 - ELECTRONIC LOCATION AND ACCESS
Materials specified Contributor biographical information
Uniform Resource Identifier <a href="http://www.loc.gov/catdir/enhancements/fy1115/90030043-b.html">http://www.loc.gov/catdir/enhancements/fy1115/90030043-b.html</a>
906 ## - LOCAL DATA ELEMENT F, LDF (RLIN)
a 7
b cbc
c orignew
d 1
e ocip
f 19
g y-gencatlg
942 ## - ADDED ENTRY ELEMENTS (KOHA)
Source of classification or shelving scheme Library of Congress Classification
Koha item type Monograph ( Printed materials)
Holdings
Withdrawn status Lost status Source of classification or shelving scheme Damaged status Not for loan Home library Current library Date acquired Total Checkouts Full call number Barcode Date last seen Price effective from Koha item type
    Library of Congress Classification     ARRUPE LIBRARY ARRUPE LIBRARY 24/09/2018   BD175 .I54 1990 46600002127 24/09/2018 24/09/2018 Monograph ( Printed materials)

 

Arrupe Library. PO Box MP320 Mt Pleasant, Harare, Zimbabwe
263 242 745411|librarian@aju.ac.zw